| 000 | 00788nam a22002055i 4500 | ||
|---|---|---|---|
| 001 | 178222 | ||
| 003 | ES-MaACL | ||
| 005 | 20250827100728.0 | ||
| 008 | 110523s1968 sp |||| | spa d | ||
| 080 | _a7.032.62 | ||
| 245 | 0 | 3 |
_aLa fabulosa Creta _b: maravillas del arte de las primeras civilizaciones mediterráneas. |
| 260 |
_aMadrid : _bDelblan, _cD. L. 1968. |
||
| 300 |
_a16 p. ; _c16 cm. |
||
| 490 | 1 |
_aMosaico cultural : colección de temas instructivos. 1. Maravillas del universo ; _v14 |
|
| 500 | _aEncuadernado con otros títulos. | ||
| 650 | 7 |
_aArte minoico _2embne _9146681 |
|
| 830 | 0 | 0 |
_aMosaico cultural: colección de temas instructivos. _pMaravillas del universo _v14 _9190804 |
| 852 |
_aES-MaACL _jE-15188 (14) _xOlim P-1923 |
||
| 999 |
_c178222 _d178222 |
||